Folk Music of Britain and Beyond

Podrobná bibliografia
Hlavný autor: Howes, Frank (Autor)
Médium: Kniha
Jazyk:angličtina
Fyzický popis:XVII, 307 s. 22 cm
Vydavateľské údaje: London Methuen and Co. 1969

MARC

LEADER 00000cam a2200000 a 4500
001 vtls001161782
003 SK-MaSNL
005 20260301112037.0
008 250414s1969 xxk r 00000 eng
035 |a SNK000104689 
040 |a SNK  |b slo  |c SNK  |e AACR2 
041 0 |a eng 
044 |a xxk  |c GB 
080 |a 78:39(41)=2  |2 1981 
080 |a 39(41)=2  |2 1981 
100 1 |a Howes, Frank  |4 aut  |9 452148 
245 1 0 |a Folk Music of Britain and Beyond  |c Frank Howes 
260 |a London  |b Methuen and Co.  |c 1969 
300 |a XVII, 307 s.  |c 22 cm 
852 |a Slovenská národná knižnica 
954 |a hudba ľudová  |a Veľká Británia 
958 |a OND 
999 |c 709262  |d 711192 
952 |t P60, <04>, [BOOK], {604}  |a SNK  |b SNK  |y VYP  |7 0  |p 17A0231044  |o snkIC 123850  |0 0  |1 0  |4 0  |d 2000-03-16  |l 0  |r 2005-01-01 00:00:00  |w 2026-02-23